000 00479nam a22001817a 4500
003 OSt
005 20150228083625.0
008 150228b1992 slv spa
020 _a0-373-0945-X
040 _cBMC
082 _a813.5
100 1 _932234
_aTemte, Myrna
245 1 0 _aSilent Sam“s salvation
_cMyrna Temte
260 _aNew York
_bSilhouette Books
_c1992
300 _a253 p., 2 h.
_c18 cm
650 2 4 _917595
_aNovela norteamericana
942 _2ddc
_cBK
_hahoj
999 _c19083
_d19083